000 00392pab a2200157 454500
008 180718b2011 xxu||||| |||| 00| 0 eng d
100 _aJudge, Paramjit S.
245 _aAn ambiguous actor: `people' in the movements
260 _c2011
300 _ap.19-22.
362 _a12 Nov
650 _aSocial movements
773 _aEconomic and Political Weekly
908 _aN
909 _a94059
999 _c94059
_d94059